| 000 | 00516nam a2200169 i 4500 | ||
|---|---|---|---|
| 001 | 89260 | ||
| 003 | ES-MaACL | ||
| 005 | 20250823063046.0 | ||
| 007 | t| | ||
| 008 | 050105s1953 sp ||||1| spa d | ||
| 100 | 0 |
_aLarios y Bernaldo de Quirós, Luis, _d1924- _970265 |
|
| 245 | 1 | 0 |
_aPreludio / _cLuis Larios Bernaldo de Quirós. |
| 260 |
_aSegovia : _b[s.n., _c1953] ( _fImp. Comercial) |
||
| 300 |
_a97 p. : _b1 retr. aut. ; _c22 cm. |
||
| 852 |
_aES-MaACL _j1959-F-9 _bR.35207 |
||
| 999 |
_c89260 _d89260 |
||